| 000 | 00538nam a2200181Ia 4500 | ||
|---|---|---|---|
| 001 | 17395 | ||
| 005 | 20260306171514.0 | ||
| 008 | 260306s9999||||xx |||||||||||||| ||und|| | ||
| 041 | _aESP | ||
| 082 |
_a657.835045 _bM28 |
||
| 100 |
_aMateo Yataco, Fernando Javier, _eAUT |
||
| 245 | 0 |
_aSistema nacional de control y auditoría gubernamental : _beficiencia, transparencia y responsabilidad en la gestión pública |
|
| 260 | _c2025 | ||
| 300 |
_a575 páginas : _c25 cm. |
||
| 650 | _aGEN | ||
| 654 | _aCCO | ||
| 942 |
_cLIB _dJUS _fJUS _2ddc _n |
||
| 999 |
_c17395 _d17395 |
||